| 000 | 01232nam a22002297a 4500 | ||
|---|---|---|---|
| 942 | _cBK | ||
| 999 |
_c490 _d490 |
||
| 005 | 20250420134812.0 | ||
| 008 | 200726b ||||| |||| 00| 0 eng d | ||
| 020 | _a9781285172958 | ||
| 040 | _cKCST | ||
| 082 |
_a620.0042 _bLi Vi |
||
| 100 |
_aLieu, Dennis Kenmon _94686 |
||
| 245 |
_aVisualization, modeling, and graphics for engineering design / _cDennis K. Lieu, Sheryl Sorby. |
||
| 250 | _a2nd edition. | ||
| 260 |
_aBoston: _bCengage Learning; _c2017. |
||
| 300 | _avarious p. | ||
| 505 | _aAn introduction to graphical communication in engineering -- Sketching -- Visualization -- Working in a team environment -- Creativity and the design process -- Solid modeling -- Assembly modeling -- Design analysis -- Fabrication processes -- Orthogonal projection and multiview representation -- Advanced visualization techniques -- Pictorial drawings -- Section views -- Auxiliary views -- Dimensioning -- Tolerancing -- Fasteners -- Working drawings. CD-ROM: Technical and engineering animation -- Topological maps and GIS -- Information graphics: presentation of data. | ||
| 650 |
_aEngineering design. _94687 |
||
| 650 |
_aEngineering graphics. _94688 |
||
| 700 |
_aSorby, Sheryl Ann _94689 |
||
| 942 | _2ddc | ||